| 000 | 01545cam a22002535a 4500 | ||
|---|---|---|---|
| 001 | L158027 | ||
| 002 | 19173 | ||
| 008 | 100114s2014 xxk f 001 0 eng d | ||
| 020 | _a9781783210343 | ||
| 035 | _a(Sirsi) u158027 | ||
| 041 | 0 | _aeng | |
| 050 | 0 | 4 | _a333.332 $2 18 |
| 100 | 1 | _aBanfield, Anthony | |
| 245 | 0 | 2 | _aA valuer's guide to the RICS Red Book 2014 |
| 250 | _a7th ed. | ||
| 260 |
_aLondon _bRICS _c2014 |
||
| 300 |
_axxii, 218p. _c21cm |
||
| 520 | _aOutlines the layout, purpose and structure of RICS Professional Valuation Standards January 2014 (Red Book) which came into force on 6 January 2014. Route map breaks down the valuation processes into four stages, preliminary questions, terms of engagement, valuation preparation and reporting through a series of flow charts. Looks at compliance issues, ethics, competency, objectivity, disclosures, inspections and material considerations, valuation bases and assumptions. Covers valuations for secured lending, factors which need to be taken into consideration in times of economic uncertainty and issues relating to specialist valuations. Deals with Red Book valuations undertaken outside the UK in a separate chapter. Highlights common problems and pitfalls found in valuation reports. Reproduces the Red Book Glossary in full. A series of useful FAQs under each chapter heading forms part of contents pages. | ||
| 520 | _aSupersedes the sixth edition ISBN 9781842197738 | ||
| 521 | _aAdvanced | ||
| 651 | 4 | _aInternational | |
| 690 |
_aValuation _96273 |
||
| 942 | _n0 | ||
| 999 |
_c115083 _d115083 |
||